000 00504nam a2200193 a 4500
001 1771067063464
003 YourLibrary
005 20260214163805.0
008 260214s1993##################000#0#eng##
020 _a9781560243755
082 0 4 _a306.7087
_bMAL
100 1 _aMackelprang, Romel W.,
_eauthor.
245 1 0 _aSexuality and Disabilities :
260 _bPsychology Press,
_c1993.
300 _a173 pages
650 0 _aMedical.
942 _cENGLISH
040 _aYourLibrary
_beng
_cYourLibrary
999 _c612529
_d612529